| 000 | 00646cam a2200181 a 4500 | ||
|---|---|---|---|
| 001 | 13961004 | ||
| 005 | 20250116160513.0 | ||
| 008 | 050511s2004 gh a 000 0 eng | ||
| 020 | _a9988825404 | ||
| 050 | 0 | 0 |
_aJQ1892 _b.B46 2004 |
| 082 | 0 | 0 |
_a352.6/32367096 _222 |
| 100 | 1 | _aBentil, Michael A. | |
| 245 | 1 | 0 |
_a50 years of civil service reform experience in anglophone Africa : _breflections on the past to guide future efficiency in governance / _cMichael A. Bentil. |
| 260 |
_aAccra : _bDesign Solutions, _cc2004. |
||
| 300 |
_a220 p. : _bcol. ill. ; _c21 cm. |
||
| 650 | 0 |
_aCivil service reform _zAfrica, English-speaking. |
|
| 942 |
_2lcc _cBK _n0 |
||
| 999 |
_c2586 _d2586 |
||